| 000 | 00683nam a22002057a 4500 | ||
|---|---|---|---|
| 005 | 20100806120728.0 | ||
| 010 | _aENG-98388 | ||
| 020 | _c500.00 | ||
| 035 | _aEN-81921 | ||
| 037 | _bDBAD/PUB | ||
| 082 | _a403 | ||
| 245 |
_aDictionary of synonyms and antonyms : _bwith their relative words / _ccomplied by Asha Puri |
||
| 260 |
_aJaipur _bApollo Prakashan _c2009 |
||
| 270 |
_aShop No. 25, Pink City Market, Rajapark, _bJaipur |
||
| 300 |
_a376p. _c21cm (Hb) |
||
| 500 | _aIncludes index | ||
| 700 |
_aPuri, Asha _97532 |
||
| 942 |
_2ddc _cEN _h403 _mDIC |
||
| 999 |
_c39686 _d39686 |
||